=LDR 00000nam 2200000 4500 =001 INLIS000000000033037 =005 20130612135020 =008 ***********************************ind** =035 ##$$0010-061300000033037 =041 ##$$a ind =082 ##$$a 910.7 =090 ##$$a 910.7, Tik m =100 ##$$a Tika, H moh Pabundu =245 ##$$a Metode penelitian geografi, H. Moh. Pabandu Tika =260 ##$$a 2005 $b Jakarta =300 ##$$a xvi,162 hlm, ilus, 23 cm =650 ##$$a Geografi-Penelitian =850 ##$$a NBPNMAT =990 ##$$a 0001/BPAP-NTB/2015 =990 ##$$a 21602155/BPAP-NTB/2017 =990 ##$$a 21602156/BPAP-NTB/2017